000 00409nam a2200181Ia 4500
001 7874
005 20260306160527.0
008 260306t1983||||xx |||||||||||||| ||spa||
041 _aESP
082 _a363.46
_bV38L
100 _aVázquez, Jesús M.
_eAUT
245 0 _aLa vida a debate
260 _c1983
300 _a200 páginas :
_ccm.
650 _aGEN
654 _aCAN
942 _cLIB
_dJUS
_fJUS
_2ddc
_n
999 _c7874
_d7874